| 000 | 01619cam a22004337a 4500 | ||
|---|---|---|---|
| 003 | CHAP | ||
| 005 | 20220329142748.0 | ||
| 008 | 030623s2003 mx r 00010 spa d | ||
| 010 | _a87421 | ||
| 011 | _a88393 | ||
| 035 | _a98938 | ||
| 040 | _cCHAP | ||
| 090 | _aTesis | ||
| 100 | 0 | 0 |
_aSastre Terrero, Alfonso. _9102691 |
| 245 | 1 | 0 |
_aProyecto de una presa de almacenamiento en Atzacoaloya, mpio. de Chilapa, Edo. de Guerrero _c/por Alfonso Sastre Terrero y Moisés Benítez Benítez |
| 260 |
_aChapingo, Méx. : _bEl autor, _c2003. |
||
| 300 |
_a131 h. : _bilus. ; gráfs. |
||
| 502 | _aTesis (Ing. en Irrigación) -- UACH. Departamento de Irrigación | ||
| 530 | _aTambién disponible en línea | ||
| 590 |
_aALEPH _b10 _c20130110 _lUCH01 _h1454 |
||
| 590 |
_aBATCH-UPD _b10 _c20130110 _lUCH01 _h0729 |
||
| 590 |
_aBATCH-UPD _b10 _c20130110 _lUCH01 _h2349 |
||
| 590 |
_aBATCH-UPD _b10 _c20130410 _lUCH01 _h0412 |
||
| 590 |
_aBATCH-UPD _b10 _c20130914 _lUCH01 _h1935 |
||
| 590 |
_aBATCH-UPD _b10 _c20140324 _lUCH01 _h1439 |
||
| 590 |
_aBATCH-UPD _b10 _c20141002 _lUCH01 _h0818 |
||
| 590 |
_aBATCH _b00 _c20181121 _lUCH01 _h0759 |
||
| 590 |
_aCONVERSION _b10 _c20130109 _lUCH01 _h1348 |
||
| 650 | 1 | 4 |
_aAgua _xAlmacenamiento. _92279 |
| 650 | 1 | 4 |
_aPresas _xGuerrero. _991488 |
| 700 | 0 |
_aBenítez Benítez, Moisés. _911633 |
|
| 856 |
_3Finding aid _uhttp://10.13.5.2/tesis/98938.pdf _zTeclea aqui |
||
| 856 |
_a1 _n0000915 |
||
| 901 | _aBK | ||
| 905 | _aAlejandra Carrasco M. | ||
| 942 | _cFOLL | ||
| 949 |
_aTesis _bBC _cTES _d33724000897740 _eTS2 _fc.2 _h41231 _i98938 _si |
||
| 949 |
_aTesis _bBC _cTES _d989381 _eTS1 _h41230 _i98938 _sb |
||
| 999 |
_c87421 _d87421 |
||